Tvorba internetových obchodov

Výsledky štúdie Internet a nakupovanie 2007. Dôvera v špecializované internetové obchody. Ako vzniká internetový obchod.

Uložené v:
Podrobná bibliografia
Hlavný autor: Záleský, Ivan, 1979-
Médium: Kapitola
Jazyk:Slovak
Predmet:
Tagy: Pridať tag
Žiadne tagy, Buďte prvý, kto otaguje tento záznam!

MARC

LEADER 00000nla$a2200000$$$4500
001 0076368
005 20240502071908.1
041 0 |a slo 
044 |a SK 
245 1 0 |a Tvorba internetových obchodov  |c Ivan Záleský 
520 |a Výsledky štúdie Internet a nakupovanie 2007. Dôvera v špecializované internetové obchody. Ako vzniká internetový obchod. 
610 2 0 |a internet 
610 2 0 |a obchod elektronický 
610 2 0 |a nákup 
610 2 0 |a zákazníci 
610 2 0 |a firmy 
610 2 0 |a špecializácia 
610 2 0 |a marketing 
100 1 |a Záleský, Ivan, 1979-